Roget's international thesaurus. (Record no. 6942)
[ view plain ]
| 000 -LEADER | |
|---|---|
| fixed length control field | 01250cam a2200337 a 4500 |
| 001 - CONTROL NUMBER | |
| control field | 4734378 |
| 003 - CONTROL NUMBER IDENTIFIER | |
| control field | GBCCL |
| 005 - DATE AND TIME OF LATEST TRANSACTION | |
| control field | 20241126110615.0 |
| 008 - FIXED-LENGTH DATA ELEMENTS--GENERAL INFORMATION | |
| fixed length control field | 840410t19841977nyuc 001 0 eng |
| 010 ## - | |
| -- | 84047562 |
| 020 ## - INTERNATIONAL STANDARD BOOK NUMBER | |
| International Standard Book Number | 0060911697 (pbk.) : |
| Terms of availability | $8.95 |
| 020 ## - INTERNATIONAL STANDARD BOOK NUMBER | |
| International Standard Book Number | 0690000103 (hard) : |
| Terms of availability | $15.00 |
| 020 ## - INTERNATIONAL STANDARD BOOK NUMBER | |
| International Standard Book Number | 0690000111 (hard : indexed) : |
| Terms of availability | $18.00 |
| 020 ## - INTERNATIONAL STANDARD BOOK NUMBER | |
| International Standard Book Number | 0063370018 (hard : outside U.S.A. and Canada) : |
| Terms of availability | $12.50 |
| 020 ## - INTERNATIONAL STANDARD BOOK NUMBER | |
| International Standard Book Number | 0063370387 (pbk. : outside U.S.A. and Canada) |
| 040 ## - CATALOGING SOURCE | |
| Original cataloging agency | DLC |
| Transcribing agency | DLC |
| Modifying agency | DLC |
| 050 00 - | |
| -- | PE1591 |
| -- | .R73 1984 |
| 082 00 - DEWEY DECIMAL CLASSIFICATION NUMBER | |
| Classification number | 423.1 |
| Edition information | 19 |
| Item number | ROG |
| 245 00 - TITLE STATEMENT | |
| Title | Roget's international thesaurus. |
| 250 ## - EDITION STATEMENT | |
| Edition statement | 4th ed. / |
| Remainder of edition statement | revised by Robert L. Chapman. |
| 260 ## - PUBLICATION, DISTRIBUTION, ETC. | |
| Place of publication, distribution, etc. | New York : |
| Name of publisher, distributor, etc. | Harper & Row, |
| Date of publication, distribution, etc. | [1984], c1977. |
| 300 ## - PHYSICAL DESCRIPTION | |
| Extent | xxiv, 1316 p. : |
| Other physical details | port. ; |
| Dimensions | 23 cm. |
| 490 0# - SERIES STATEMENT | |
| Series statement | Harper colophon books ; |
| Volume/sequential designation | CN 1169 |
| 500 ## - GENERAL NOTE | |
| General note | Based on: Thesaurus of English words and phrases / by Peter Mark Roget. |
| 500 ## - GENERAL NOTE | |
| General note | Includes index. |
| 650 #0 - SUBJECT ADDED ENTRY--TOPICAL TERM | |
| Topical term or geographic name entry element | English language |
| General subdivision | Synonyms and antonyms. |
| 9 (RLIN) | 12364 |
| 700 1# - ADDED ENTRY--PERSONAL NAME | |
| Personal name | Roget, Peter Mark, |
| Dates associated with a name | 1779-1869. |
| Title of a work | Thesaurus of English words and phrases. |
| 9 (RLIN) | 12365 |
| 700 1# - ADDED ENTRY--PERSONAL NAME | |
| Personal name | Chapman, Robert L., |
| Dates associated with a name | 1920-2002. |
| 9 (RLIN) | 12366 |
| 906 ## - LOCAL DATA ELEMENT F, LDF (RLIN) | |
| a | 7 |
| b | cbc |
| c | orignew |
| d | 1 |
| e | ocip |
| f | 19 |
| g | y-gencatlg |
| 942 ## - ADDED ENTRY ELEMENTS (KOHA) | |
| Source of classification or shelving scheme | Dewey Decimal Classification |
| Koha item type | Reference Books |
| Withdrawn status | Lost status | Source of classification or shelving scheme | Damaged status | Not for loan | Home library | Current Library | Shelving location | Date acquired | Total checkouts | Full call number | Barcode | Date last seen | Copy number | Price effective from | Koha item type |
|---|---|---|---|---|---|---|---|---|---|---|---|---|---|---|---|
| Dewey Decimal Classification | GRACE BIBLE COLLEGE | GRACE BIBLE COLLEGE | Dictionary | 2018-07-04 | 423.1 ROG | 005330 | 2025-06-01 | c.1 | 2018-07-04 | Reference Books |